| 000 | 00444nam a2200205Ia 4500 | ||
|---|---|---|---|
| 001 | 087799 | ||
| 003 | YMCAF | ||
| 005 | 20230512161626.0 | ||
| 008 | 100717s2003 ||||||||||||||||| ||und|d | ||
| 024 | _a87799 | ||
| 035 | _a27258 | ||
| 040 |
_aYMCAF _beng _cIN-KoLT |
||
| 041 | _aeng | ||
| 082 |
_a381.142 _bGRE |
||
| 100 | _aGreenstein | ||
| 245 | 0 | _aElectronic commerce: security | |
| 260 |
_bTMH _c2003 |
||
| 300 | _a400 | ||
| 942 |
_2ddc _cBK |
||
| 999 |
_c9304 _d9304 |
||